LEADER 00992nam a2200241 u 4500 001 000000045799 003 CaOOAMICUS 005 20070226114713.0 008 990616s1958 it u000 u ita u 035 $a10826996 040 $aPUL(R)$bita$dPUL(R) 100 1 $aTalamona, Mario.$0(OLS)http://pul/name/29586 245 10$aAspetti e problemi dello sviluppo economico /$cMario Talamona. 260 $aMilano :$bSocietà editoriale mondo economico,$c1958. 300 $a194 p. ;$c21 cm 500 $aContiene indice dei nomi. 650 4$aPolitica economica.$0(OLS)http://pul/subject/10570 850 $aPUL 852 $aPUL$W1$xDP1 Cons. Gen., Altre Classi 1$y22$m46 N 54$j61483$nBK-PRI$b $qStampati$B61483$CPULBib$Z2$F61483 $H $81 941 1 $a8 961 $aINV: 50950 996 $6245$aAspetti e problemi dello sviluppo economico$9(OLS)http://pul/title/61767 996 $6260$aMilano :$bSocietà editoriale mondo economico$9(OLS)http://pul/publisher/66245 LEADER 01611nam a2200361 a 4500 001 000000138414 003 CaOOAMICUS 005 20140514144643.0 008 140514s2014 fr u000 u fre r 020 $z9782204102148* 040 $aPUL$bita 041 1 $afre$agrc$hgrc 100 0 $aEutherius,$cvesc. di Tyana,$dm. c. 435.$0(OLS)http://pul/name/13838 240 10$aProtestation.$lFrancese e greco.$0(OLS)http://pul/title/175206 245 10$aProtestation ; Lettres /$cEuthèrios de Tyane ; texte de M. Tezt ; introduction, traduction et notes par Joseph Paramelle avec la collaboration de Louis Neyrand. 246 33$aLettres 260 $aParis :$bCerf,$c2014. 300 $a403 p. ;$c20 cm 490 1 $aSources chrétiennes ;$v557 546 $aTesto greco e traduzione francese a fronte. 700 1 $aNeyrand, Louis,$cS.I.$0(OLS)http://pul/name/15235 700 0 $aBasilius Ancyranus,$dm. c. 364.$0(OLS)http://pul/name/76042 700 1 $aParamelle, Joseph,$cS.I.$0(OLS)http://pul/name/8900 700 1 $aTetz, Martin.$0(OLS)http://pul/name/13839 830 0$aSources chrétiennes ;$v557.$0(OLS)http://pul/title/45 850 $aPUL 852 $aPUL$W1$xSL Religione 2$y84$mTheol E3 557$j159629$qStampati Altre Collocazioni$B159167$CPULBib$Z2$F159167 $H124001 $82 941 1 $a10 996 $6020$z9782204102148*$9(OLS)http://pul/number/155257 996 $6245$aProtestation ; Lettres$9(OLS)http://pul/title/175207 996 $6246$aLettres$9(OLS)http://pul/title/175209 996 $6260$aParis :$bCerf$9(OLS)http://pul/publisher/48238